Tropic of Capricorn Countries Quiz Stats

 Plays Quiz Updated Mar 8, 2016

Also try: Equator Countries
Challenge
Share
Tweet
Embed
Score 0/10 Timer 03:00
0 Plays Today
% Correct
Chile
93%
Argentina
91.8%
Australia
89.6%
Brazil
89.5%
South Africa
85.6%
Paraguay
75%
Namibia
74.6%
Madagascar
74.1%
Mozambique
72.5%
Botswana
69.9%

You're not logged in!

Compare scores with friends on all Sporcle quizzes.
OR
Log In

You Might Also Like...

Show Comments

Extras

Top Quizzes Today


Score Distribution

Your Account Isn't Verified!

In order to create a playlist on Sporcle, you need to verify the email address you used during registration. Go to your Sporcle Settings to finish the process.

Report this User

Report this user for behavior that violates our Community Guidelines.

Details: